000 00458nam a2200181Ia 4500
001 51716
008 140503s9999 xx 000 0 und d
020 _a9788120346093
040 _cPK-LaUMT
082 _a 621.042
_bSAW-N
100 _aSawhney, G. S.
245 _aNon-conventional energy resources
_cSawhney, G. S.
260 _aNew Delhi,India:
_bPHI Learning,
_c2012
300 _a272 p.
546 _aEN
650 _aEnergy resources
942 _cBK
999 _c49185
_d49185